000 00208 a2200097 4500
001 45221
100 _aKermode A.C
245 _aMechanics of flight
260 _aNew York
_bPitman
_c
090 _c28412
_d28412
942 _aNUST-CAE
_cM
_c20461
999 _c280294
_d280294